Designing qualitative research

Enregistré dans:
Détails bibliographiques
Auteur principal: Marshall, Catherine
Autres auteurs: Rossman, Gretchen B.
Format: Livre
Langue:anglais
Publié: Thousand Oaks SAGE Publications 2006
Édition:4th ed.
Sujets:
Tags: Ajouter un tag
Pas de tags, Soyez le premier à ajouter un tag!

MARC

LEADER 00000nam$a2200000$$$4500
001 0080240
005 20240306135622.7
020 |a 1-4129-2489-8 
041 0 |a eng 
044 |a US 
245 1 0 |a Designing qualitative research  |c Catherine Marshall, Gretchen B. Rossman 
250 |a 4th ed. 
264 1 |a Thousand Oaks  |b SAGE Publications  |c 2006 
300 |a 262 s. 
610 2 0 |a výskum 
610 2 0 |a kvalita 
610 2 0 |a psychológia 
610 2 0 |a vzdelávanie 
610 2 0 |a etológia 
610 2 0 |a ekológia 
610 2 0 |a etnografia 
610 2 0 |a komunikácia 
610 2 0 |a antropológia 
610 2 0 |a metodológia 
610 2 0 |a vedy spoločenské 
100 1 |a Marshall, Catherine 
700 1 |a Rossman, Gretchen B.